| 000 | 00000nam##2200000za#4500 |
| 001 | 9.648505 |
| 003 | CaOODSP |
| 005 | 20231123084323 |
| 007 | ta |
| 008 | 150407|2002||||xxc||||| f|0| 0 eng|d |
| 020 | |a0-662-31893-5 |
| 040 | |aCaOODSP|beng |
| 043 | |an-cn--- |
| 086 | 1 |aE2-211/2002E |
| 110 | 1 |aCanada. |bForeign Affairs and International Trade Canada. |
| 245 | 10|aTrade policy research 2002 / |cEdited by John M. Curtis and Dan Ciuriak. |
| 260 | |aOttawa - Ontario : |bForeign Affairs and International Trade |c2002. |
| 300 | |aiv, 347p. : |bgraphs, tables ; |c28 cm. |
| 504 | |aBibliography. |
| 563 | |aSoftcover |
| 590 | |a02-20|b2002-05-17 |
| 690 | 07|aResearch|2gcpds |
| 690 | 07|aTrade policy|2gcpds |
| 720 | 1 |aCurtis, John M. |
| 720 | 1 |aCiuriak, Dan |
| 775 | 08|tLes recherches en politique commerciale 2002 / |w(CaOODSP)9.681788 |
| 776 | 0#|tTrade policy research 2002 / |w(CaOODSP)9.693558 |